000 00451nam a2200169Ia 4500
008 230711s9999||||xx |||||||||||||| ||und||
020 _a978-1-25-902856-4
041 _aENG
082 _a4.22
_bHA-C
100 _aHayes,John P
245 0 _aComputer Architecture and organization
250 _a3rd Ed.
260 _c2012
_aNew Delhi
_bMcGraw Hill Education(India) Private Limited
300 _a604p.
650 _aComputer Engineering
942 _cBK
999 _c6389
_d6389